000
00308nam a2200121Ia 4500
008
220216s9999 xx 000 0 und d
100
_a
Wilson D
245
0
_a
Latex impregnation for non-woven fabrics
260
_b
Rubber Developments
_c
1957
300
_a
81-84
650
_a
Latex impregnation
942
_c
JS
999
_c
62036
_d
62036